000 00316nam a22001337a 4500
020 _a978-93-8023543-1
041 _aENG
100 _aMandhyan.B.L
245 _aFood Process Engineering And Technology
260 _aNew Delhi
_bNew india Publishing
_c2011
300 _a360
650 _aAPE
856 _uAPE ( 3 )
999 _c2504
_d2504